Movies Missing a Bird Quiz Stats

 Plays Quiz Updated May 20, 2019

Score 0/18 Timer 03:00
8 Plays Today
% Correct
Mockingbird
96.2%
Robin
96%
Chicken
95.3%
Cuckoo
92.5%
Swan
92.1%
Flamingos
91.6%
Penguins
88.9%
Falcon
85.6%
Sparrow
84.9%
% Correct
Duck
83.8%
Eagles
77.7%
Goose
76.2%
Crow
74.7%
Condor
68.7%
Owls
58.1%
Vultures
55.8%
Swallows
51.9%
Pigeon
45.5%

You're not logged in!

Compare scores with friends on all Sporcle quizzes.
OR
Log In

Show Comments

Extras

Top Quizzes Today


Score Distribution

Your Account Isn't Verified!

In order to create a playlist on Sporcle, you need to verify the email address you used during registration. Go to your Sporcle Settings to finish the process.

Report this User

Report this user for behavior that violates our Community Guidelines.

Details: